000 00910nam a22002297a 4500
003 OSt
005 20251120141024.0
008 251120b |||||||| |||| 00| 0 eng d
020 _a971-978-542-529-2.
040 _aDWCL-Main lib
_cOC
082 _aFil. 909.04 M554m 2007
100 _aMercene, Floro L.
245 _aManila men in the new world :
_bFilipino migration to Mexico and the Americas from the sixteenth century
_cMercene, Floro L.
260 _aQuezon City :
_bThe University of the Philippines Press,
_cc2007.
300 _a161 pages :
_billustration ;
_c23 cm.
504 _aIncludes bibliographical references.
650 _21. Filipinos-Employment-History-Sources.
650 _22. Filipinos-Employment-United States-History-Sources.
650 _23. Filipinos-Foreign countries-16th century.
650 _24. Filipinos-Foreign countries-History-Sources.
942 _2ddc
_cBK - FIL
_kFil.
_n0
999 _c5891
_d5891